000 00310nam a22001337a 4500
003 SGT
020 _a0-19-806109-9
082 _a648
_bRAG
100 _aRAGHUBALAN, G.
245 _aHOTEL HOUSEKEEPING OPERATIONS AND MANAGEMENT
260 _aNEW YOURK
_bOXFOARD
_c2010
300 _a732
942 _2ddc
_cBK
_018
999 _c22731
_d22731